[Event "Capablanca Memorial Elite 53rd"]
[Site "Havana"]
[Date "2018.05.13"]
[Round "5"]
[White "Shankland, Samuel L"]
[Black "Bacallao Alonso, Yusnel"]
[Result "1-0"]
[WhiteElo "2671"]
[BlackElo "2594"]
[Annotator "Golubev,M"]
[PlyCount "63"]
[EventDate "2018.05.09"]
[EventType "tourn"]
[EventRounds "10"]
[EventCountry "CUB"]
[EventCategory "16"]
[SourceTitle "CBM 185"]
[Source "ChessBase"]
[SourceDate "2018.07.13"]
[SourceVersion "1"]
[SourceVersionDate "2018.07.13"]
[SourceQuality "1"]

1. e4 c6 2. d4 d5 3. e5 c5 4. dxc5 e6 5. Nf3 ({The aggressive} 5. Qg4 $5 {
has been known since Tal vs Botvinnik 1961 Wch match games}) ({and} 5. Be3 {
the most common move.}) 5... Bxc5 6. a3 {This line was almost not developed in
the 20th century, but nowadays it can be seen at the professional level.} Ne7 (
6... Bb6 $5) (6... a6 $5) 7. b4 Bb6 8. Bd3 a5 $5 9. b5 (9. Bb2 axb4 10. axb4
Rxa1 11. Bxa1 Na6 12. Bc3 d4 (12... Nc7 {Kollars-Landa, Bundesliga 2017/18})
13. Bxd4 Nxb4 14. Bxb6 Qxb6 15. O-O Nxd3 16. Qxd3 O-O 17. Rd1 {1/2
Packroff-Tornow, ICCF cr 2017.}) (9. Nc3 $5 {Ozolin-Grishchenko, Tula 2009.})
9... Nd7 10. O-O {An interesting position, which needs more practical tests.}
Ng6 ({After} 10... O-O {does not seem to be advisable} 11. Bxh7+ $6 Kxh7 12.
Ng5+ Kg6 $1 13. Re1 (13. Qd3+ $2 Nf5 14. g4 Nxe5 15. gxf5+ exf5 16. Qg3 Ng4 $1
$17) {because} 13... f6 $5 14. Nxe6 Bxf2+ $1 15. Kh1 (15. Kxf2 $2 Qb6+) 15...
Qb6 16. exf6 Nxf6 $1 17. Nxf8+ Kf7 18. Rxe7+ Kxf8 $5 19. Qe2 (19. Re2 $6 Bg4)
19... Bg4 20. Be3 $8 Bxe2 21. Bxb6 Kxe7 22. Bxf2 {is slightly better for Black.
}) ({Another option is} 10... a4) 11. Bb2 (11. Bxg6 $5 hxg6 (11... fxg6 12. c4
$1) 12. c4 Rh5 $1 13. Bb2 dxc4 14. Nbd2 Bc5 15. Nxc4 b6 16. Bd4 Be7) (11. Qe2
$5 O-O 12. a4 {Devereaux-Elsness, TCh-NOR 2018.}) 11... Qc7 $2 {A mistake that
remained unpunished.} (11... a4 $5 12. Re1 (12. c4 $5) 12... Nc5 13. Bd4 Bd7
14. Nc3 Qc7 {Leko-Khenkin, Riyadh WCh rapid 2017}) 12. Re1 $2 ({It was a good
time for} 12. c4 $1 {(planning exd5, Nc3)} Ndxe5 (12... dxc4 13. Bxg6 hxg6 14.
Nbd2 $16) (12... Nf4 13. cxd5 $1 $16) 13. Nxe5 Nxe5 14. cxd5 Qd6 (14... O-O $2
15. d6 $1 $18) {and now, possibly,} 15. Be2 $5 O-O 16. Nc3 Rd8 17. Ne4 $1 Qxd5
18. Qa4 $5 f5 19. Ng3 $16) 12... a4 13. Nbd2 Nc5 $146 14. Bxg6 fxg6 $5 15. Qe2
O-O {Black is doing not badly now.} 16. Bd4 $5 Ba5 17. Rec1 b6 18. c4 $5 Qe7 (
18... Bb7 $1 19. cxd5 exd5 $1) 19. Qe3 (19. cxd5 $1 exd5 20. Qe3 $1) 19... Bb7
20. cxd5 Bxd5 $1 21. Bxc5 bxc5 22. Rab1 {In this tense but, perhaps,
approximately equal position Black goes astray.} Qb7 $2 23. Nc4 $1 Bxf3 $6 ({
Consistent. But instead} 23... h6 {was worth trying.}) 24. gxf3 Rxf3 25. Qxc5
Qe4 26. Nxa5 $1 {And it turns out that Black's counterplay on the kingside is
rather illusory.} Rf4 (26... Rxa5 27. Qb4 $18 (27. Rb4 $18)) (26... Qg4+ 27.
Kh1 Rxa5 28. Qb4 (28. Rb4 Qh3 $8 29. Qc8+ Rf8 30. Rf4 $1 Qf1+ 31. Rxf1 Rxc8 32.
Rb1 $16) 28... Qxb4 $8 29. Rxb4 Rxf2 30. Rc8+ Rf8 31. Rxf8+ Kxf8 32. b6 Ra8 33.
Rxa4 $1 Rb8 34. Ra6 $1 $18 {/\ a3-a4, a4-a5.}) 27. h3 $8 $18 Qf5 (27... Rf5 28.
Qe3 $1 $18) 28. Rb4 Qg5+ 29. Kh2 Rf3 30. Rc3 Rxc3 31. Qxc3 Rxa5 32. b6 1-0

[Event "Gibraltar Masters 17th"]
[Site "Caleta"]
[Date "2019.01.31"]
[Round "10"]
[White "Vitiugov, Nikita"]
[Black "Vaibhav, Suri"]
[Result "1-0"]
[WhiteElo "2720"]
[BlackElo "2590"]
[Annotator "Krasenkow,M"]
[PlyCount "81"]
[EventDate "2019.01.22"]
[EventType "swiss"]
[EventRounds "10"]
[EventCountry "GGB"]
[SourceTitle "CBM 188 Extra"]
[Source "ChessBase"]
[SourceDate "2019.02.26"]
[SourceVersion "1"]
[SourceVersionDate "2019.02.26"]
[SourceQuality "1"]

{[%evp 0,81,19,28,63,77,63,77,83,45,45,9,25,14,7,-1,32,-9,-9,-21,-23,-40,-6,
-22,-22,-21,-14,-17,-22,-15,-2,-13,6,-29,-17,-11,-7,-13,0,-6,-25,-25,-22,-18,
-25,-15,-14,-35,-4,-4,-47,-46,11,0,4,-14,15,-26,-17,-18,25,38,42,47,3,2,97,0,0,
0,24,34,-10,56,232,220,266,220,220,220,382,441,973,1328]} 1. e4 c6 2. d4 d5 3.
e5 c5 4. dxc5 e6 5. Nf3 Bxc5 6. Bd3 Ne7 7. a3 Ng6 8. O-O Nc6 9. b4 Bb6 10. Re1
(10. Bb2 {allows} Nf4 {although White can fight for initiative by means of} 11.
c4) 10... a5 {Black uses a tactical motif to undermine White's queenside pawns.
However, GM Nikita Vitiugov puts this concept under doubt.} (10... f5 $6 11.
Bb2 O-O 12. Nbd2 a5 13. b5 Nce7 14. c4 Bd7 15. Rc1 Rc8 16. a4 $16 {1/2 (44)
Potapov,P (2460)-Popov,I (2632) Khanty-Mansiysk 2013}) (10... f6 11. exf6 $5 (
11. Bxg6+ hxg6 12. Bb2 {0-1 (67) Movsesian,S (2632)-Yevseev,D (2557) Moscow
2006 CBM 112 [Lukacs,P]} fxe5 13. b5 e4 $17) 11... Qxf6 12. Bxg6+ Qxg6 13. Be3
$1 $14) (10... O-O 11. Bb2 {leads to a position usually arising when White
starts with 10.Bb2. White has a slight edge. An example from GM practice:} f6
12. exf6 gxf6 13. c4 Nf4 14. Bf1 e5 15. cxd5 Qxd5 16. Qxd5+ Nxd5 17. Nbd2 Bg4
18. g3 Rad8 19. Bg2 a6 20. Rac1 Nde7 21. Ne4 $14 {1-0 (66) Movsesian,S (2666)
-Paichadze,L (2573) Reykjavik 2015}) 11. Bxg6 (11. b5 $2 Ncxe5 $1 12. Nxe5 Nxe5
13. Rxe5 Bd4 $19 {V.Zviagintsev}) (11. bxa5 Rxa5 12. Nc3 O-O 13. Bb2 Bd7 14.
Rb1 d4 15. Nb5 Ncxe5 16. Nbxd4 Nxd3 17. Qxd3 Qc7 $17 {0-1 (33) Inarkiev,E 
(2683)-Shimanov,A (2599) St Petersburg 2012}) 11... fxg6 (11... hxg6 12. b5 Ne7
13. Bg5 Bd7 {(P.Lukacs)} 14. c4 $1 Rc8 (14... dxc4 15. Qd6 $1 $16) 15. Nbd2 O-O
16. a4 $14) 12. b5 Ne7 13. a4 $1 $146 {[%mdl 8]} (13. Bg5 h6 14. Bxe7 $5 Qxe7
15. Qd3 $6 (15. c4 dxc4 16. Nbd2 O-O 17. Nxc4 Bc5 $13) 15... g5 $1 16. Qg6+ Qf7
17. Qxf7+ Kxf7 18. c4 $1 {1/2 (44) Mitkov,N (2578)-Zvjaginsev,V (2627)
Poikovsky 2001 CBM 084 [Lukacs,P]} Bd7 19. cxd5 g4 20. Nfd2 Bd4 21. Ra2 exd5
$17) (13. Be3 O-O 14. Nbd2 (14. Bxb6 Qxb6 15. a4 Bd7 16. Qd3 g5 $5 17. h3 h5
$132) 14... Bxe3 15. Rxe3 Nf5 (15... Bd7 16. a4 Rc8 17. Rd3 Qb6 18. c4 $1 g5
19. cxd5 Nxd5 20. Ne4 h6 21. Nd6 Rc5 22. g3 $16 {1-0 (37) Belov,V (2608)
-Kharitonov,A (2535) Moscow 2006}) 16. Rd3 b6 $13) 13... O-O 14. Be3 {Not the
best course.} (14. c4 $1 Bc5 (14... dxc4 15. Ba3) 15. Ba3 Bxa3 16. Nxa3 b6 17.
Nd4 $16) 14... Bd7 (14... Bxe3 $5 15. Rxe3 (15. fxe3 b6) 15... b6 {[%cal Ya8a7,
Ya7c7]}) 15. Nbd2 (15. Qd3 $5 Rc8 16. Nbd2 $14 {[%cal Yc2c4]}) 15... Rc8 16.
Ra3 Bxe3 (16... h6 $5 {[%cal Yg6g5]}) 17. Raxe3 g5 18. h3 h6 (18... Rf4 $5) 19.
Rd3 Be8 $1 20. Nd4 Qb6 21. c3 Bg6 22. Rde3 Rc7 $11 {White's knight is nicely
placed on d4 but he can hardly make any progress.} (22... Rxc3 23. Rxc3 Qxd4
$44 {was possible here, too.}) 23. h4 $2 {This attack is hardly justified.}
Rxc3 $6 (23... gxh4 {was simpler:} 24. Qg4 Rfc8 $1 25. Qxh4 (25. Qxe6+ Qxe6 26.
Nxe6 Rxc3 $17) (25. Rc1 Nf5) 25... Nf5 26. Nxf5 Bxf5 27. Qg3 Bc2 $17 {[%cal
Rc2a4]} 28. Ra1 $2 d4) 24. Rxc3 Qxd4 25. Rf3 Nf5 (25... Rc8 $1 26. hxg5 Bh5 27.
gxh6 Bxf3 28. Nxf3 Qxd1 29. Rxd1 gxh6 $15) 26. hxg5 hxg5 (26... Bh5 {was
appropriate here, too:} 27. gxh6 gxh6 28. Qc2 Bxf3 29. Nxf3 $13) 27. Nb3 Qxa4
28. Qd2 g4 29. Qf4 Qxb5 30. Qxg4 Qe8 $2 {A very passive move.} (30... Bf7 {
still led to an unclear position.}) 31. Rh3 b6 (31... a4 32. Nc5 b5 33. Nd7 $1
Qxd7 34. Qxg6 $40) 32. Rc1 Qf7 33. Nd2 $6 (33. Nd4 $1 Nxd4 34. Qxd4 {[%cal
Rd4b6,Rd4h4]} Bf5 35. Rb3 $16) 33... b5 34. Nf3 Nh6 $2 (34... b4 {was quite
possible as White had no real threats:} 35. Ng5 Qd7 $13) 35. Qd4 {[%cal Rd4b6]
Black's queenside pawns get under attack.} Be4 (35... b4 36. Qb6 Ng4 {was
relatively better.}) 36. Qb6 Ng4 $2 (36... Qf5 $142 37. Qxb5 Nf7 $16) 37. Rc7
Qf5 38. Qa7 Qg6 39. Rg3 d4 40. Nh2 Rxf2 41. Nxg4 1-0